| 000 | 00527nam a22001817a 4500 | ||
|---|---|---|---|
| 003 | CEME | ||
| 005 | 20210628210713.0 | ||
| 008 | 210211b xxu||||| |||| 00| 0 eng d | ||
| 020 | _a81-7635-466-X | ||
| 040 | _c. | ||
| 082 | _a005.44 BAR | ||
| 100 |
_aBarker, gord harrison, douglas _980630 |
||
| 245 | _aMcse windows 2000 professional training guide | ||
| 260 |
_aNEW DELHI _bTECHMEDIA _c2000 |
||
| 300 | _a765P | ||
| 650 |
_aWINDOWS 2000 PROFESSIONAL OPERATING SYSTEM-WINDOWS 2000 PROFESSIONAL _980631 |
||
| 942 |
_cBK _2ddc |
||
| 999 |
_c585528 _d585528 |
||